000 00389nam a2200169Ia 4500
008 230524s9999 xx 000 0 und d
020 _a8120309545
082 _a4.16
_bDHA
100 _aDharma Rajaraman
_94105
245 0 _aComputer Primer
250 _a2ND
260 _aNEW DELHI
_bPHI
_c1996
300 _aIX;484
500 _aQuantity Number: 1
650 _aComp-Sc
942 _cBK
999 _c6206
_d6206